00512nam a2200169Ia 4500008004100000082001600041100002900057245002800086250000800114260003800122300001300160500002400173650001600197942000700213952010500220999001700325230524s9999 xx 000 0 und d a510.12bKON aSarveswara Koneru923345 0aEngineering Mathematics a1ST aNEW DELHIbUniversity Pressc2003 aVIII;505 aQuantity Number: 1 aMathematics cBK 00104070aTATCLbTATCLcGENd2023-05-24l0o510.12 KONp9268r2023-05-24w2023-05-24yBKzBSCM2201 c34419d34419